| 000 | 00785nam a2200241 a 4500 | ||
|---|---|---|---|
| 001 | 000042761 | ||
| 005 | 20201002040358.0 | ||
| 008 | 140207s1994 sp 000 0 spa d | ||
| 020 | _a8478442154 | ||
| 040 |
_aDO-SdBNP _bspa _cBNPHU |
||
| 041 | 1 | 7 |
_aspa _heng |
| 082 |
_axxx _bxxx |
||
| 100 | 1 |
_aNooteboom, Cees _d1922- _970103 |
|
| 240 | 1 | 0 | _aMokusei! & De boeddha |
| 245 | 1 | 0 |
_a¡Mokusei! : _bel buda tras la empalizada / _cCees Nooteboom ; traducción de Julio Grande. |
| 260 |
_aMadrid _aSiruela, _c1994. |
||
| 300 |
_a113 p. ; _c23 cm. |
||
| 490 | 1 |
_aLibros del tiempo _v67 |
|
| 563 | _aDos obras encuadernadas juntas con paginación continua | ||
| 740 | 3 | 2 | _aEl buda tras la empalizada Mokusei! |
| 700 | 1 | 2 |
_aGrande, Julio _etr. _970104 |
| 830 | 0 |
_aLibros del tiempo _n67 _970105 |
|
| 999 |
_c42250 _d42250 |
||